Statistics for Namnen i Namnen på Huvudstäder

Click here to take the quiz!

General Stats

  • This quiz has been taken 53 times
  • The average score is 8 of 24

Answer Stats

NamnHuvudstaden% Correct
SofiaSofia
90%
ErlinBerlin
78%
SaraSarajevo
59%
GeorgeGeorgetown
56%
StinaPristina
54%
EttaValletta
51%
NicoNicosia
46%
AriParis
41%
VilleBrazzaville
39%
MonaMonaco
34%
Libreville
27%
AlvaSan Salvador
27%
JanaLjubljana
27%
KaraAnkara
24%
EllaAndorra la Vella
22%
AnnaHavanna
22%
ElmoBelmopan
22%
IngaSingapore
17%
St.George's
12%
ElliWellington
10%
MariSan Marino
10%
PiaApia
7%
Paramaribo
5%
JanDusjanbe
0%

Score Distribution

Percentile by Number Answered

Percent of People with Each Score

Your Score History

You have not taken this quiz